000 01374nam a2200421 b 4500
001 1600580
003 DO-SdBPM
005 20250707130028.0
006 1600580
007 ta
008 161103b2009 sp |||| 00| 0 spa d
016 7 _a
_2
017 _a
_b
020 _a9788420464954
035 _a
040 _aDO-SdBPM
_bspa
_cBPMSU
_e rda
082 4 _a853.91
_bF797m 2009
_222
100 1 _aFrabetti, Carlo
_d1945-
_eautor
245 1 0 _aMalditas matemáticas :
_bAlicia en el país de los números /
_cCarlo Frabetti ; ilustraciones de Joaquín Marín
_h
246 1 3 _aAlicia en el país de los números
_b
250 _a17a. ed.
264 _aMadrid :
_bEditorial Alfaguara,
_c2009
300 _a131 páginas :
_bilustraciones ;
_c22 cm
336 _atexto
_btxt
_2rdacontent
337 _asin mediación
_bn
_2rdamedia
338 _avolumen
_bnc
_2rdacarrier
490 0 _aAlfaguara juvenil
500 _aIncluye datos biográficos del autor
590 _aInventariado, 2025/VM
650 7 _aLiteratura juvenil italiana
650 7 _aCuentos juveniles italianos
650 7 _aMatemáticas
_vCuentos juveniles
700 1 _aMarín, Joaquín
_eilustraciones
_4
700 1 _aHigueras Díez, Marta
_eeditor
_4
740 _aAlicia en el país de los números
910 _aVMateo V. Control de calidad. BPMSU
942 _2ddc
_cBK
999 _c10160
_d10160